[Event "Buenos Aires Faogba 36th"]
[Site "Buenos Aires"]
[Date "2019.11.19"]
[Round "4.2"]
[White "Gutierrez, Ezequiel"]
[Black "Varela, Gaston"]
[Result "0-1"]
[WhiteElo "2033"]
[BlackElo "2392"]
[PlyCount "94"]
[EventDate "2019.11.07"]
[EventType "swiss"]
[EventRounds "7"]
[EventCountry "ARG"]
[SourceTitle "EXT 2024"]
[Source "ChessBase"]
[SourceDate "2023.10.10"]
[SourceVersion "1"]
[SourceVersionDate "2023.10.10"]
[SourceQuality "1"]

1. Nf3 c5 2. b3 Nf6 3. Bb2 e6 4. g3 b6 5. Bg2 Bb7 6. 0-0 Be7 7. c4 0-0 8. Nc3 d6 9. d4 cxd4 10. Qxd4 a6 11. Rad1 Nbd7 12. e4 Qc7 13. Rfe1 Rfd8 14. h3 Rac8 15. Qe3 Qb8 16. Nd4 Bf8 17. f4 Ne8 18. Kh1 Qa8 19. Rd2 Nc5 20. Qe2 Nf6 21. Nc2 b5 22. b4 Ncd7 23. cxb5 axb5 24. Kh2 Nb6 25. Rd4 Nc4 26. Ba1 d5 27. e5 Nd7 28. Bf1 Nb8 29. f5 Nc6 30. Rh4 d4 31. Qh5 h6 32. Bxc4 dxc3 33. fxe6 Rd2+ 34. Re2 bxc4 35. exf7+ Kh7 36. Bxc3 Rxe2+ 37. Qxe2 Qxa2 38. e6 Ne7 39. Rd4 Nf5 40. Rd2 Qb3 41. Qe5 Ne7 42. Ne3 Ra8 43. Nf5 Qb1 44. g4 Qh1+ 45. Kg3 Ng6 46. Qe3 Ra3 47. Rc2 Rxc3 0-1

[Event "Moron Mayor Cup Challengers 1819"]
[Site "Moron"]
[Date "2019.??.??"]
[Round "4.7"]
[White "Gutierrez, Ezequiel"]
[Black "Ardiles, Manuel"]
[Result "1/2-1/2"]
[WhiteElo "2033"]
[BlackElo "1921"]
[PlyCount "30"]
[EventDate "2019.04.01"]
[EventType "tourn"]
[EventRounds "7"]
[EventCountry "ARG"]
[SourceTitle "EXT 2024"]
[Source "ChessBase"]
[SourceDate "2023.10.10"]
[SourceVersion "1"]
[SourceVersionDate "2023.10.10"]
[SourceQuality "1"]

1. d4 Nf6 2. Nc3 d5 3. Bg5 e6 4. a3 Be7 5. f3 0-0 6. Qd2 c5 7. e3 cxd4 8. exd4 Nc6 9. f4 Qb6 10. 0-0-0 Bd7 11. Nf3 Rfc8 12. Ne5 Be8 13. Bd3 Qa5 14. Nxc6 Rxc6 15. Ne4 Qa4 1/2-1/2

[Event "Moron Philidor CC A 6th"]
[Site "Moron"]
[Date "2019.??.??"]
[Round "3.2"]
[White "Gutierrez, Ezequiel"]
[Black "Bordon, Jorge"]
[Result "1-0"]
[WhiteElo "2031"]
[BlackElo "1927"]
[PlyCount "35"]
[EventDate "2019.01.31"]
[EventType "swiss"]
[EventRounds "5"]
[EventCountry "ARG"]
[SourceTitle "EXT 2024"]
[Source "ChessBase"]
[SourceDate "2023.10.10"]
[SourceVersion "1"]
[SourceVersionDate "2023.10.10"]
[SourceQuality "1"]

1. d4 Nf6 2. c4 e5 3. dxe5 Ng4 4. Nf3 Bc5 5. e3 Nc6 6. Be2 Ngxe5 7. 0-0 0-0 8. Nc3 Re8 9. a3 a5 10. b3 Ra6 11. Bb2 Nxf3+ 12. gxf3 Ne5 13. Ne4 Rh6 14. Kg2 Qh4 15. Rh1 Qh3+ 16. Kg1 Nxf3+ 17. Bxf3 Rxe4 18. Bxe4 1-0

[Event "Moron Philidor CC A 6th"]
[Site "Moron"]
[Date "2019.??.??"]
[Round "4.1"]
[White "Roguin, Nestor H"]
[Black "Gutierrez, Ezequiel"]
[Result "1/2-1/2"]
[WhiteElo "1978"]
[BlackElo "2031"]
[PlyCount "51"]
[EventDate "2019.01.31"]
[EventType "swiss"]
[EventRounds "5"]
[EventCountry "ARG"]
[SourceTitle "EXT 2024"]
[Source "ChessBase"]
[SourceDate "2023.10.10"]
[SourceVersion "1"]
[SourceVersionDate "2023.10.10"]
[SourceQuality "1"]

1. d4 f5 2. g3 Nf6 3. Bg2 g6 4. Nf3 Bg7 5. 0-0 0-0 6. b3 d6 7. Bb2 c6 8. c4 Qe8 9. Nbd2 Na6 10. Qc2 h6 11. e4 fxe4 12. Nxe4 Nxe4 13. Qxe4 Bf5 14. Qe2 g5 15. d5 c5 16. Bxg7 Kxg7 17. Rae1 Rf7 18. Qb2+ Kg8 19. Re3 Qd7 20. Rfe1 Re8 21. Nd2 Nc7 22. Be4 b5 23. Bxf5 Qxf5 24. Ne4 Ref8 25. R3e2 Qg6 26. Nd2 1/2-1/2

[Event "Moron Amateur-ch"]
[Site "Moron"]
[Date "2018.07.28"]
[Round "7"]
[White "Contessotto, Enrique"]
[Black "Gutierrez, Ezequiel"]
[Result "0-1"]
[WhiteElo "2089"]
[BlackElo "1987"]
[PlyCount "78"]
[EventDate "2018.07.17"]
[EventType "swiss"]
[EventRounds "7"]
[EventCountry "ARG"]
[SourceTitle "EXT 2019"]
[Source "ChessBase"]
[SourceDate "2018.10.10"]
[SourceVersion "1"]
[SourceVersionDate "2018.10.10"]
[SourceQuality "1"]

1. e4 d5 2. exd5 Qxd5 3. Nc3 Qd6 4. d4 Nf6 5. Nf3 a6 6. g3 Bg4 7. Bg2 Nc6 8. Bf4 Qb4 9. 0-0 0-0-0 10. a3 Qc4 11. h3 Rxd4 12. hxg4 Rxd1 13. Rfxd1 e5 14. Nxe5 Nxe5 15. Bxe5 Bc5 16. g5 Bxf2+ 17. Kh1 Qg4 18. Kh2 Qxg5 19. Bh3+ Ng4+ 20. Kg2 Qxe5 21. Bxg4+ f5 22. Kxf2 fxg4 23. Kg2 Rf8 24. Rf1 Rf3 25. Rxf3 gxf3+ 26. Kf2 Qf5 27. Rc1 g5 28. Nd1 h5 29. Ne3 Qf6 30. b3 g4 31. Rd1 Qe5 32. Rd5 Qc3 33. a4 c6 34. Rd3 Qa1 35. Rd1 Qe5 36. Rg1 h4 37. a5 h3 38. Re1 Qd4 39. Rd1 Qxd1 0-1

[Event "Moron Amateur-ch"]
[Site "Moron"]
[Date "2018.07.21"]
[Round "3"]
[White "Gutierrez, Ezequiel"]
[Black "Mazza, Andres"]
[Result "1-0"]
[WhiteElo "1987"]
[BlackElo "1772"]
[PlyCount "49"]
[EventDate "2018.07.17"]
[EventType "swiss"]
[EventRounds "7"]
[EventCountry "ARG"]
[SourceTitle "EXT 2019"]
[Source "ChessBase"]
[SourceDate "2018.10.10"]
[SourceVersion "1"]
[SourceVersionDate "2018.10.10"]
[SourceQuality "1"]

1. f4 b6 2. Nf3 Bb7 3. e3 e6 4. b3 Nf6 5. Bb2 Nc6 6. Be2 Be7 7. 0-0 h6 8. c4 d6 9. d4 Qd7 10. Nc3 d5 11. Rc1 0-0 12. Ne5 Nxe5 13. dxe5 Ne8 14. cxd5 exd5 15. Bg4 Qd8 16. Nb5 c6 17. Nd4 Bc5 18. Nf5 Bc8 19. Rf3 Bxf5 20. Bxf5 Nc7 21. b4 Bxb4 22. Rxc6 Bc5 23. Rxh6 gxh6 24. Rg3+ Kh8 25. Qh5 1-0

[Event "Moron Faogba op"]
[Site "Moron"]
[Date "2018.03.10"]
[Round "4"]
[White "Serratto, Ricardo Adolfo"]
[Black "Gutierrez, Ezequiel"]
[Result "0-1"]
[WhiteElo "1653"]
[BlackElo "1992"]
[PlyCount "56"]
[EventDate "2018.03.03"]
[EventType "swiss"]
[EventRounds "7"]
[EventCountry "ARG"]
[SourceTitle "CBM 183 Extra"]
[Source "ChessBase"]
[SourceDate "2018.04.19"]
[SourceVersion "1"]
[SourceVersionDate "2018.04.19"]
[SourceQuality "1"]

1. e4 d5 2. exd5 Qxd5 3. Nc3 Qd6 4. Bb5+ Nd7 5. Nf3 Ngf6 6. 0-0 a6 7. Ba4 b5 8. Bb3 Bb7 9. h3 e6 10. d3 Be7 11. Bg5 0-0 12. Re1 c5 13. Qe2 Qc6 14. a3 Bd6 15. Ne4 Nxe4 16. Qxe4 Qc7 17. Qg4 Kh8 18. Nd2 f5 19. Qh4 e5 20. Be7 Bxe7 21. Qxe7 Rf6 22. Be6 Qc6 23. Bd5 Qxd5 24. Nf3 Raf8 25. Rad1 Qc6 26. Re2 Rg6 27. Kf1 Rxg2 28. Nxe5 Rg1+ 0-1

[Event "Buenos Aires Philidor CC Christmas"]
[Site "Buenos Aires"]
[Date "2017.12.??"]
[Round "6.1"]
[White "Gutierrez, Ezequiel"]
[Black "Ucha, Luis"]
[Result "1-0"]
[WhiteElo "2031"]
[BlackElo "2040"]
[PlyCount "67"]
[EventDate "2017.12.04"]
[EventType "swiss"]
[EventRounds "6"]
[EventCountry "ARG"]
[SourceTitle "EXT 2024"]
[Source "ChessBase"]
[SourceDate "2023.10.10"]
[SourceVersion "1"]
[SourceVersionDate "2023.10.10"]
[SourceQuality "1"]

1. e4 c5 2. Nc3 Nc6 3. f4 g6 4. Nf3 Bg7 5. Bb5 d6 6. 0-0 e6 7. d3 Nge7 8. Qe1 0-0 9. f5 exf5 10. Qh4 Nd4 11. Bg5 f6 12. Bh6 Nxb5 13. Nxb5 d5 14. e5 fxe5 15. Ng5 f4 16. Bxg7 Kxg7 17. Qxh7+ Kf6 18. Rae1 Kxg5 19. Rxe5+ Nf5 20. Nc7 Qd7 21. h4+ Kf6 22. Re6+ Qxe6 23. Nxe6 Bxe6 24. Qxb7 Rfb8 25. Qc7 Rb4 26. Re1 Rb6 27. Qxf4 Kg7 28. Qc7+ Bf7 29. Qxc5 Rab8 30. b3 Rb4 31. c4 dxc4 32. dxc4 R4b7 33. Re4 Rd7 34. Qe5+ 1-0

[Event "Buenos Aires Philidor CC Christmas"]
[Site "Buenos Aires"]
[Date "2017.12.??"]
[Round "4.2"]
[White "Oyarzu, Eduardo"]
[Black "Gutierrez, Ezequiel"]
[Result "1/2-1/2"]
[WhiteElo "1913"]
[BlackElo "2031"]
[PlyCount "26"]
[EventDate "2017.12.04"]
[EventType "swiss"]
[EventRounds "6"]
[EventCountry "ARG"]
[SourceTitle "EXT 2024"]
[Source "ChessBase"]
[SourceDate "2023.10.10"]
[SourceVersion "1"]
[SourceVersionDate "2023.10.10"]
[SourceQuality "1"]

1. d4 f5 2. c4 Nf6 3. Nc3 g6 4. Nf3 Bg7 5. g3 d6 6. Bg2 0-0 7. 0-0 c6 8. b3 Nbd7 9. Bb2 e5 10. e3 Qc7 11. Qc2 Re8 12. Rac1 e4 13. Nd2 Nf8 1/2-1/2

[Event "Buenos Aires Philidor CC Christmas"]
[Site "Buenos Aires"]
[Date "2017.12.??"]
[Round "2.2"]
[White "Ruiz Diaz, Alfredo"]
[Black "Gutierrez, Ezequiel"]
[Result "1/2-1/2"]
[WhiteElo "1978"]
[BlackElo "2031"]
[PlyCount "71"]
[EventDate "2017.12.04"]
[EventType "swiss"]
[EventRounds "6"]
[EventCountry "ARG"]
[SourceTitle "EXT 2024"]
[Source "ChessBase"]
[SourceDate "2023.10.10"]
[SourceVersion "1"]
[SourceVersionDate "2023.10.10"]
[SourceQuality "1"]

1. e4 c5 2. Nf3 d6 3. d4 cxd4 4. Nxd4 Nf6 5. Nc3 a6 6. Bg5 e6 7. Be2 Be7 8. Qd2 Nbd7 9. Nb3 Qc7 10. 0-0 b5 11. a3 Bb7 12. f3 0-0 13. Rad1 Rac8 14. Be3 Nb6 15. Qe1 d5 16. e5 Nfd7 17. f4 Nc4 18. Bc1 Nxa3 19. Bd3 b4 20. Ne2 Nxc2 21. Qg3 f5 22. Kh1 Qb6 23. Bxc2 Rxc2 24. Nbd4 Rc7 25. Qh3 Nc5 26. Be3 a5 27. Rf3 Qa6 28. Ng3 Ne4 29. Nxe4 dxe4 30. Rg3 Kh8 31. Qh5 Bc5 32. Rh3 h6 33. Qg6 Re7 34. Re1 Bxd4 35. Bxd4 e3 36. Bxe3 1/2-1/2

[Event "Buenos Aires Philidor CC op"]
[Site "Buenos Aires"]
[Date "2017.11.16"]
[Round "4"]
[White "Gutierrez, Ezequiel"]
[Black "Herrera, Pablo Francisco"]
[Result "1-0"]
[WhiteElo "2031"]
[BlackElo "2080"]
[PlyCount "89"]
[EventDate "2017.11.07"]
[EventType "swiss"]
[EventRounds "7"]
[EventCountry "ARG"]
[SourceTitle "CBM 181 Extra"]
[Source "ChessBase"]
[SourceDate "2017.12.12"]
[SourceVersion "1"]
[SourceVersionDate "2017.12.12"]
[SourceQuality "1"]

1. e4 c6 2. d4 d5 3. e5 Bf5 4. Nf3 e6 5. Be2 Nd7 6. 0-0 Bg4 7. a4 Ne7 8. a5 Nf5 9. c3 a6 10. b4 Be7 11. Ne1 Bxe2 12. Qxe2 h5 13. Nd3 g5 14. Nd2 Qc7 15. Nb3 0-0-0 16. Bd2 Rdg8 17. Rfc1 Kd8 18. c4 dxc4 19. Rxc4 Qb8 20. Qe4 Ke8 21. Rac1 Qd8 22. b5 axb5 23. R4c2 Nb8 24. Bb4 Na6 25. Rxc6 bxc6 26. Qxc6+ Kf8 27. Qxa6 Kg7 28. Qxb5 Bxb4 29. Qxb4 Qa8 30. Qd2 Kg6 31. Rc3 Qe4 32. Ndc5 Qd5 33. Rd3 Ra8 34. a6 Rhb8 35. f3 Rb5 36. Ne4 Qd8 37. Nbc5 Rb1+ 38. Kf2 Rab8 39. Nb7 R8xb7 40. axb7 Rxb7 41. d5 exd5 42. Rxd5 Qb6+ 43. Nc5 Rc7 44. Qc2 h4 45. Rd6+ 1-0

[Event "Buenos Aires Philidor CC op"]
[Site "Buenos Aires"]
[Date "2017.11.07"]
[Round "1"]
[White "Granillo, Eloy Hernan"]
[Black "Gutierrez, Ezequiel"]
[Result "0-1"]
[WhiteElo "1614"]
[BlackElo "2031"]
[PlyCount "64"]
[EventDate "2017.11.07"]
[EventType "swiss"]
[EventRounds "7"]
[EventCountry "ARG"]
[SourceTitle "CBM 181 Extra"]
[Source "ChessBase"]
[SourceDate "2017.12.12"]
[SourceVersion "1"]
[SourceVersionDate "2017.12.12"]
[SourceQuality "1"]

1. e4 d5 2. e5 c5 3. Nf3 Nc6 4. Bb5 Bg4 5. h3 Bh5 6. 0-0 e6 7. d3 Nge7 8. Bg5 Qb6 9. a4 h6 10. Bh4 g5 11. Bg3 0-0-0 12. Nbd2 Nd4 13. c3 Nxf3+ 14. Nxf3 a6 15. a5 Qxb5 16. b4 Nf5 17. Qe2 Bxf3 18. gxf3 Nxg3 19. fxg3 cxb4 20. cxb4 Be7 21. Qe3 Kb8 22. d4 Rc8 23. Rfc1 Rxc1+ 24. Rxc1 Rc8 25. Rxc8+ Kxc8 26. Qc3+ Qc4 27. Qd2 Bxb4 28. Qd1 Bc3 29. Kg2 b5 30. Qb1 Qe2+ 31. Kh1 Qe1+ 32. Qxe1 Bxe1 0-1

[Event "Moron Philidor CC U2200 15th"]
[Site "Buenos Aires"]
[Date "2017.09.19"]
[Round "5"]
[White "Gutierrez, Ezequiel"]
[Black "Di Grezia, Carmelo Ernesto Fra"]
[Result "1-0"]
[WhiteElo "1990"]
[BlackElo "1809"]
[PlyCount "71"]
[EventDate "2017.09.12"]
[EventType "swiss"]
[EventRounds "7"]
[EventCountry "ARG"]
[SourceTitle "CBM 180 Extra"]
[Source "ChessBase"]
[SourceDate "2017.10.06"]
[SourceVersion "1"]
[SourceVersionDate "2017.10.06"]
[SourceQuality "1"]

1. f4 d5 2. Nf3 c6 3. b3 Nd7 4. Bb2 Ngf6 5. e3 e6 6. Ne5 Bd6 7. d4 0-0 8. Nd2 Qa5 9. c3 c5 10. Bd3 cxd4 11. exd4 Re8 12. g4 Nf8 13. g5 N6d7 14. h4 Qc7 15. Qh5 Nxe5 16. dxe5 Bxe5 17. fxe5 Qxe5+ 18. Qe2 Qg3+ 19. Kd1 e5 20. Nf1 Qf4 21. Bc1 Qg4 22. Qxg4 Bxg4+ 23. Be2 Be6 24. Bd2 Nd7 25. Rc1 a6 26. Ne3 Rac8 27. Rf1 Nc5 28. Bg4 Bxg4+ 29. Nxg4 e4 30. Be3 Nd3 31. Rc2 Re6 32. Bd4 b5 33. h5 Rcc6 34. h6 gxh6 35. Nxh6+ Kf8 36. Rg2 1-0

[Event "Philidor CC op 14th"]
[Site "Moron"]
[Date "2017.07.29"]
[Round "7"]
[White "Gutierrez, Ezequiel"]
[Black "Ruiz Diaz, Alfredo"]
[Result "0-1"]
[WhiteElo "2029"]
[BlackElo "1830"]
[PlyCount "52"]
[EventDate "2017.07.18"]
[EventType "swiss"]
[EventRounds "7"]
[EventCountry "ARG"]
[SourceTitle "EXT 2019"]
[Source "ChessBase"]
[SourceDate "2018.10.10"]
[SourceVersion "1"]
[SourceVersionDate "2018.10.10"]
[SourceQuality "1"]

1. d4 d5 2. Nf3 e6 3. c4 c6 4. Nc3 Nf6 5. Bg5 Nbd7 6. e3 Qa5 7. Bd3 dxc4 8. Bxc4 Ne4 9. Qa4 Qxa4 10. Nxa4 b5 11. Bb3 Nxg5 12. Nxg5 bxa4 13. Bxa4 Bb4+ 14. Ke2 Ba6+ 15. Kf3 Bb5 16. Bb3 h6 17. Ne4 0-0 18. Rac1 Rac8 19. a3 Be7 20. Rc3 Nf6 21. Nd2 Ba6 22. Ba4 Bb7 23. e4 c5 24. Rb3 Ba8 25. dxc5 Rxc5 26. Ke3 Rd8 0-1

[Event "Philidor CC op 14th"]
[Site "Moron"]
[Date "2017.07.22"]
[Round "3"]
[White "Solano, Pablo"]
[Black "Gutierrez, Ezequiel"]
[Result "1/2-1/2"]
[WhiteElo "1934"]
[BlackElo "2029"]
[PlyCount "58"]
[EventDate "2017.07.18"]
[EventType "swiss"]
[EventRounds "7"]
[EventCountry "ARG"]
[SourceTitle "EXT 2019"]
[Source "ChessBase"]
[SourceDate "2018.10.10"]
[SourceVersion "1"]
[SourceVersionDate "2018.10.10"]
[SourceQuality "1"]

1. e4 d5 2. exd5 Qxd5 3. Nc3 Qd6 4. Nf3 Nf6 5. d4 a6 6. Bd3 Bg4 7. 0-0 Nc6 8. Ne4 Nxe4 9. Bxe4 0-0-0 10. c3 e6 11. Qb3 Bxf3 12. Bxf3 Na5 13. Qa4 Qb6 14. b4 Nc6 15. Be3 Qb5 16. Qb3 Qf5 17. a4 a5 18. b5 Nb8 19. Rfd1 Nd7 20. c4 Bb4 21. Bd2 Nc5 22. dxc5 Rxd2 23. Rxd2 Bxd2 24. Qb2 Qf6 25. Qxf6 gxf6 26. Rd1 Bb4 27. c6 bxc6 28. Bxc6 Be7 29. Kf1 Rd8 1/2-1/2

[Event "Moron Philidor CC U2200"]
[Site "Moron"]
[Date "2016.09.17"]
[Round "3"]
[White "Gutierrez, Ezequiel"]
[Black "Leonoff, Leonardo"]
[Result "0-1"]
[WhiteElo "1982"]
[BlackElo "1907"]
[PlyCount "60"]
[EventDate "2016.09.13"]
[EventType "swiss"]
[EventRounds "7"]
[EventCountry "ARG"]
[SourceTitle "CBM 174 Extra"]
[Source "ChessBase"]
[SourceDate "2016.10.10"]
[SourceVersion "1"]
[SourceVersionDate "2016.10.10"]
[SourceQuality "1"]

1. f4 g6 2. Nf3 Bg7 3. e3 d6 4. d4 Nf6 5. Bd3 Bf5 6. Bxf5 gxf5 7. Qd3 Qd7 8. c4 Nc6 9. d5 Nb4 10. Qb3 c5 11. a3 Na6 12. Nc3 0-0 13. 0-0 Rab8 14. Qc2 Nc7 15. Nh4 e6 16. dxe6 fxe6 17. Rd1 Qc6 18. Nb5 Nxb5 19. cxb5 Qe4 20. Qf2 Qa4 21. Qe2 Ne4 22. Nf3 a6 23. bxa6 bxa6 24. Ng5 Nxg5 25. fxg5 Rb6 26. Rb1 Rfb8 27. b3 Qe4 28. Bd2 c4 29. Ba5 Rxb3 30. Rbc1 d5 0-1